| 000 -CABECERA |
| Longitud fija campo de control |
01537ntm a2200349 a 4500 |
| 003 - IDENTIFICADOR DEL NÚMERO DE CONTROL |
| Identificador del número de control |
OSt |
| 005 - FECHA Y HORA DE LA ÚLTIMA TRANSACCIÓN |
| Fecha y hora de la última transacción |
20170606153546.0 |
| 008 - CÓDIGOS DE INFORMACIÓN DE LONGITUD FIJA |
| Códigos de información de longitud fija |
170606s2017 spc||||f|m||||||| ||spa|d |
| 020 ## - NÚMERO INTERNACIONAL NORMALIZADO PARA LIBROS |
| Número Internacional Normalizado para Libros (ISBN) |
9788416418954 |
| 040 ## - FUENTE DE LA CATALOGACIÓN |
| Centro catalogador de origen |
ES-BaCBU |
| Lengua de catalogación |
cat |
| Centro transcriptor |
CDMR |
| 100 1# - PUNTO DE ACCESO PRINCIPAL-NOMBRE DE PERSONA |
| Nombre de persona |
Martínez Fernández, Jesús |
| 245 10 - MENCIÓN DE TÍTULO |
| Título |
Copia y pega |
| Resto del título |
: cómo las multinacionales construyen las noticias : |
| -- |
los breves de empresa en los diarios "La Vanguardia" y "El Mundo de Catalunya" : estudio de similitud entre los breves y las notas de prensa / |
| Mención de responsabilidad, etc. |
Jesús Martínez Fernández ; dirigida per Josep Lluís Micó i Francesc Pozo |
| 260 ## - PUBLICACIÓN, DISTRIBUCIÓN, ETC. (PIE DE IMPRENTA) |
| Lugar de publicación, distribución, etc. |
Barcelona, |
| Fecha de publicación, distribución, etc. |
2017 |
| 300 ## - DESCRIPCIÓN FÍSICA |
| Extensión |
836 p. ; |
| Dimensiones |
30 cm |
| 502 ## - NOTA DE TESIS |
| Nota de tesis |
Tesi doctoral - Universitat Ramon Llull, Facultat de Comunicació i Relacions Internacionals Blanquerna, 2017 |
| 504 ## - NOTA DE BIBLIOGRAFÍA, ETC |
| Nota de bibliografía, etc. |
Bibliografia |
| 530 ## - NOTA DE FORMATO FÍSICO ADICIONAL DISPONIBLE |
| Nota de formato físico adicional disponible |
També disponible en línia |
| 610 24 - PUNTO DE ACCESO ADICIONAL DE MATERIA - NOMBRE DE ENTIDAD CORPORATIVA |
| Nombre de entidad corporativa o nombre de jurisdicción como elemento inicial |
La Vanguardia (Diari) |
| 9 (RLIN) |
1150 |
| 610 24 - PUNTO DE ACCESO ADICIONAL DE MATERIA - NOMBRE DE ENTIDAD CORPORATIVA |
| Nombre de entidad corporativa o nombre de jurisdicción como elemento inicial |
El Mundo (Diari) |
| 9 (RLIN) |
3493 |
| 650 07 - PUNTO DE ACCESO ADICIONAL DE MATERIA - TÉRMINO DE MATERIA |
| Término de materia o nombre geográfico como elemento inicial |
Comunicació en l'empresa |
| Fuente del encabezamiento o término |
lemac |
| 9 (RLIN) |
2798 |
| 650 #7 - PUNTO DE ACCESO ADICIONAL DE MATERIA - TÉRMINO DE MATERIA |
| Término de materia o nombre geográfico como elemento inicial |
Empreses multinacionals |
| Fuente del encabezamiento o término |
lemac |
| 650 07 - PUNTO DE ACCESO ADICIONAL DE MATERIA - TÉRMINO DE MATERIA |
| Término de materia o nombre geográfico como elemento inicial |
Premsa |
| Fuente del encabezamiento o término |
lemac |
| 9 (RLIN) |
1545 |
| 650 #7 - PUNTO DE ACCESO ADICIONAL DE MATERIA - TÉRMINO DE MATERIA |
| Término de materia o nombre geográfico como elemento inicial |
Periodisme |
| Subdivisión de materia general |
Ètica professional |
| Fuente del encabezamiento o término |
lemac |
| 650 #7 - PUNTO DE ACCESO ADICIONAL DE MATERIA - TÉRMINO DE MATERIA |
| Término de materia o nombre geográfico como elemento inicial |
Plagi |
| Fuente del encabezamiento o término |
lemac |
| 650 #7 - PUNTO DE ACCESO ADICIONAL DE MATERIA - TÉRMINO DE MATERIA |
| Término de materia o nombre geográfico como elemento inicial |
Control automàtic |
| Fuente del encabezamiento o término |
lemac |
| 655 #7 - TÉRMINO DE INDIZACIÓN - GÉNERO/FORMA |
| Datos o término principal de género/forma |
Tesis i dissertacions acadèmiques |
| Fuente del término |
lemac |
| 700 1# - PUNTO DE ACCESO ADICIONAL - NOMBRE DE PERSONA |
| Nombre de persona |
Micó, Josep Lluís |
| Fechas asociadas al nombre |
1974-, |
| Término indicativo de función |
dir. |
| 9 (RLIN) |
2519 |
| 700 1# - PUNTO DE ACCESO ADICIONAL - NOMBRE DE PERSONA |
| Nombre de persona |
Pozo Montero, Francesc, |
| Término indicativo de función |
dir. |
| 710 2# - PUNTO DE ACCESO ADICIONAL - NOMBRE DE ENTIDAD |
| Nombre de entidad o nombre de jurisdicción como elemento inicial |
Facultat de Ciències de la Comunicació Blanquerna |
| 9 (RLIN) |
3392 |
| 856 41 - LOCALIZACIÓN Y ACCESO ELECTRÓNICO |
| Nota pública |
(Accés lliure) |
| Identificador Uniforme del Recurso (URI) |
<a href="http://www.tdx.cat/handle/10803/399219">http://www.tdx.cat/handle/10803/399219</a> |
| Texto del enlace |
Disponible en línia |
| 942 ## - ENTRADA DE ELEMENTOS AGREGADOS (KOHA) |
| Koha [por defecto] tipo de item |
Monografies |